Welcome to CU Library Online Public Access Catalogue (OPAC)

The Business Law of Ghana: The Law of Contract (Record no. 4671)

MARC details
000 -LEADER
fixed length control field 00422nam a22001457a 4500
005 - DATE AND TIME OF LATEST TRANSACTION
control field 20250310205227.0
008 - FIXED-LENGTH DATA ELEMENTS--GENERAL INFORMATION
fixed length control field 250310b |||||||| |||| 00| 0 eng d
050 ## - LIBRARY OF CONGRESS CALL NUMBER
Classification number KRX810
100 ## - MAIN ENTRY--PERSONAL NAME
Personal name Owusu, Kwadwo
245 ## - TITLE STATEMENT
Title The Business Law of Ghana: The Law of Contract
Statement of responsibility, etc. Owusu, Kwadwo
260 ## - PUBLICATION, DISTRIBUTION, ETC.
Place of publication, distribution, etc. Arrca ;
Name of publisher, distributor, etc. Judicial Service
Date of publication, distribution, etc. c1998
300 ## - PHYSICAL DESCRIPTION
Extent Vol.1 iii, 119 p, ;
500 ## - GENERAL NOTE
General note Includes Table of Contents
942 ## - ADDED ENTRY ELEMENTS (KOHA)
Source of classification or shelving scheme Library of Congress Classification
Koha item type Books
Suppress in OPAC No
999 ## -
-- 4671
-- 4671
Holdings
Withdrawn status Lost status Source of classification or shelving scheme Damaged status Not for loan Collection Home library Current library Shelving location Date acquired Total checkouts Full call number Barcode Date last seen Copy number Price effective from Koha item type
    Library of Congress Classification     Non-fiction Law Library (Christ Temple) Law Library (Christ Temple) General stacks 03/10/2025   KRX810 OWU LLCT00000166 03/10/2025 1 03/10/2025 Books
    Library of Congress Classification     Non-fiction Law Library (Christ Temple) Law Library (Christ Temple) General stacks 03/10/2025   KRX810 OWU LLCT00000167 03/10/2025 2 03/10/2025 Books
    Library of Congress Classification     Non-fiction Law Library (Christ Temple) Law Library (Christ Temple) General stacks 03/10/2025   KRX810 OWU LLCT00000165 03/10/2025 3 03/10/2025 Books
    Library of Congress Classification     Non-fiction Law Library (Christ Temple) Law Library (Christ Temple) General stacks 03/10/2025   KRX810 OWU LLCT00000164 03/13/2025 4 03/10/2025 Books
    Library of Congress Classification     Non-fiction Law Library (Christ Temple) Law Library (Christ Temple) Reference 03/10/2025   KRX810 OWU LLCT00000762 06/21/2025 5 03/10/2025 Books
© 2023-2024 Copyright: Central University Libraries. All Rights Reserved | Created by: Mahone Tech Office